000 00833nam a22002057a 4500
999 _c19340
_d19340
003 AR-CdUCM
008 190517b ||||| |||| 00| 0 spa d
040 _aMUNICIPALIDAD PROVINCIAL DEL CUSCO
_cBIBLIOTECA MUNICIPAL DEL CUSCO
082 _22ed.
_a636 /
_bAL36
100 _aAlba, Joerge de
_940623
245 _aAlimentación del ganado en américa latina /
260 _aMéxico :
_bFournier,
_c1971.
300 _a475 paginas ;
_bIlustraciones,
_c26 cm.
505 _aContenido : La ciencia de la nutrición y la alimentación animal -- Funcionamiento del aparato digestivo -- El valor alimenticio de los forrajes -- Vitaminas y minerales...
650 _aEnergética animal
_940624
650 _aDigestión de los animales
_940625
650 _aMétodos químicos
_939927
942 _2ddc
_cLIBROS
945 _awnts
_d2019-05-17